€ Countries by euro coins € Quiz Stats

Quiz not verified by Sporcle

Challenge
Share
Tweet
Score 0/8 Timer 02:00
0 Plays Today
Coin Country % Correct
7Italia
90.1%
4France
89.5%
5Deutschland
88.3%
3Éire
82.4%
1Österreich
77.7%
2Città del Vaticano
74.9%
6Ελλάδα
74.6%
8Suomi
47.8%

You're not logged in!

Compare scores with friends on all Sporcle quizzes.
Sign Up with Email
OR
Log In

You Might Also Like...

Show Comments

Extras

Curator's Pick Jul 7, 2014SourceReportNominate
Tags:Europe Quiz, currency, Image Quiz

Top Quizzes Today


Score Distribution

Your Account Isn't Verified!

In order to create a playlist on Sporcle, you need to verify the email address you used during registration. Go to your Sporcle Settings to finish the process.

Report this User

Report this user for behavior that violates our Community Guidelines.

Details: